000
00247nam a2200121Ia 4500
008
190216s9999||||xx |||||||||||||| ||und||
100
_a
Null
245
0
_a
Delhi
260
_b
Dc Books
300
_a
234
650
_a
Malayalam Novel
942
_c
BK
999
_c
26535
_d
26535